[Event "Barcelona Sant Marti op-A 19th"]
[Site "Barcelona"]
[Date "2017.07.16"]
[Round "4"]
[White "Llados Clos, Jaume"]
[Black "Gonzalez Saguillo, Oriol"]
[Result "0-1"]
[WhiteElo "1801"]
[BlackElo "2077"]
[PlyCount "96"]
[EventDate "2017.07.13"]
[EventType "swiss"]
[EventRounds "9"]
[EventCountry "ESP"]
[SourceTitle "EXT 2018"]
[Source "ChessBase"]
[SourceDate "2017.10.13"]
[SourceVersion "1"]
[SourceVersionDate "2017.10.13"]
[SourceQuality "1"]

1. e4 c5 2. Nc3 Nc6 3. f4 d6 4. Nf3 g6 5. Bc4 Bg7 6. 0-0 Nf6 7. d3 0-0 8. Qe1 Bg4 9. Qh4 Bxf3 10. Rxf3 Qd7 11. Nd5 Nxd5 12. exd5 Nd4 13. Rh3 h5 14. c3 Nf5 15. Qe1 b5 16. Bb3 a5 17. Bd1 Nh6 18. Bf3 Rab8 19. Bd2 b4 20. Qe2 Rfe8 21. Rf1 Nf5 22. Bxh5 gxh5 23. Qxh5 bxc3 24. Bxc3 Nd4 25. f5 f6 26. Rf4 e5 27. dxe6 Nxe6 28. fxe6 Qxe6 29. Qh7+ Kf8 30. Bxf6 Bxf6 31. Rhf3 Qe1+ 32. Rf1 Qe3+ 33. R4f2 Qd4 34. Qh8+ Ke7 35. Qxf6+ Qxf6 36. Rxf6 Rxb2 37. R6f2 Reb8 38. h4 a4 39. h5 a3 40. g4 R8b4 41. Rf7+ Ke6 42. R7f6+ Kd7 43. Rg6 Rxa2 44. h6 Rbb2 45. Rf7+ Kc6 46. h7 Ra1+ 47. Rf1 Rxf1+ 48. Kxf1 a2 0-1

[Event "Foment Martinenc op-A 18th"]
[Site "Barcelona"]
[Date "2016.04.23"]
[Round "1"]
[White "Llados Clos, Jaume"]
[Black "Chalmeta Ugas, Jordi Ramon"]
[Result "0-1"]
[WhiteElo "1752"]
[BlackElo "2103"]
[PlyCount "100"]
[EventDate "2016.04.23"]
[EventType "swiss"]
[EventRounds "9"]
[EventCountry "ESP"]
[SourceTitle "EXT 2017"]
[Source "ChessBase"]
[SourceDate "2016.10.25"]
[SourceVersion "1"]
[SourceVersionDate "2016.10.25"]
[SourceQuality "1"]

1. e4 e6 2. d4 d5 3. Nd2 Nc6 4. c3 e5 5. dxe5 dxe4 6. Bb5 Qd5 7. Qe2 Bf5 8. Qc4 Nge7 9. Qxd5 Nxd5 10. Nc4 0-0-0 11. Bg5 Be7 12. Bd2 Nb8 13. Ne3 Bg6 14. Ne2 a6 15. Ba4 Nb6 16. Bc2 Nc6 17. Nf4 Nxe5 18. Nxg6 hxg6 19. Bxe4 Nd3+ 20. Bxd3 Rxd3 21. 0-0-0 Rhd8 22. Rhe1 Bc5 23. Kc2 Na4 24. b3 Nb2 25. Rf1 Nxd1 26. Rxd1 f6 27. Kc1 Bxe3 28. fxe3 Rh8 29. Rh1 Rd5 30. Kc2 Rg5 31. g3 Rxg3 32. h4 Rg2 33. Kc1 Rd8 34. Rd1 Rh2 35. Be1 Rxd1+ 36. Kxd1 Rxa2 37. Bd2 g5 38. hxg5 fxg5 39. e4 g4 40. Bf4 Rf2 41. Be5 g3 42. Ke1 Rb2 43. b4 b6 44. Kd1 a5 45. bxa5 bxa5 46. Kc1 Re2 47. Bxg3 Re3 48. Be5 Rxe4 49. Bh2 a4 50. Kb1 Re1+ 0-1

[Event "Foment Martinenc op-B 17th"]
[Site "Barcelona"]
[Date "2015.06.13"]
[Round "8"]
[White "Llados Clos, Jaume"]
[Black "Pera Muntasell, Marc"]
[Result "1/2-1/2"]
[WhiteElo "1984"]
[BlackElo "1893"]
[PlyCount "125"]
[EventDate "2015.04.25"]
[EventType "swiss"]
[EventRounds "9"]
[EventCountry "ESP"]
[SourceTitle "EXT 2017"]
[Source "ChessBase"]
[SourceDate "2016.10.25"]
[SourceVersion "1"]
[SourceVersionDate "2016.10.25"]
[SourceQuality "1"]

1. e4 c5 2. Nc3 Nc6 3. f4 g6 4. Nf3 Bg7 5. Bc4 e6 6. 0-0 Nge7 7. d3 d5 8. Bb3 0-0 9. Qe1 Na5 10. Bd2 Nxb3 11. axb3 a6 12. Qh4 b5 13. Kh1 Bb7 14. Rae1 Qc7 15. Ne5 Nc6 16. Ng4 Nd4 17. Ne2 Qd8 18. Qxd8 Raxd8 19. Nxd4 cxd4 20. f5 h5 21. Nh6+ Bxh6 22. Bxh6 Rfe8 23. fxg6 fxg6 24. e5 Kh7 25. Bg5 Rd7 26. Rf4 Rc7 27. Rf2 Kg7 28. Ree2 Rec8 29. Kg1 Rf7 30. Rxf7+ Kxf7 31. Kf1 Kg8 32. Ke1 Rf8 33. Bf6 Rc8 34. Kd2 Rf8 35. Rf2 Rf7 36. Rf4 Kh7 37. Rxd4 Kg8 38. Ke3 Kh7 39. Kf4 Kh6 40. g4 g5+ 41. Kg3 h4+ 42. Kf3 Rc7 43. c3 Kg6 44. Ke3 Rc8 45. c4 Rf8 46. Kd2 Bc6 47. Kc3 a5 48. Kd2 b4 49. Ke2 Rf7 50. Bd8 Ra7 51. cxd5 Bxd5 52. Kd2 Ra8 53. Bc7 Kf7 54. Bd6 Ra6 55. Bc7 Kg6 56. Bd8 Ra8 57. Bc7 Ra7 58. Bd8 Ra8 59. Bc7 Ra7 60. Bd8 Ra8 61. Bc7 Ra7 62. Bd8 Ra8 63. Bc7 1/2-1/2

[Event "Foment Martinenc op-B 17th"]
[Site "Barcelona"]
[Date "2015.06.06"]
[Round "7"]
[White "Gonzalez Alonso, Marti"]
[Black "Llados Clos, Jaume"]
[Result "1-0"]
[WhiteElo "1886"]
[BlackElo "1984"]
[PlyCount "69"]
[EventDate "2015.04.25"]
[EventType "swiss"]
[EventRounds "9"]
[EventCountry "ESP"]
[SourceTitle "EXT 2017"]
[Source "ChessBase"]
[SourceDate "2016.10.25"]
[SourceVersion "1"]
[SourceVersionDate "2016.10.25"]
[SourceQuality "1"]

1. e4 Nf6 2. Nc3 d5 3. exd5 Nxd5 4. Bc4 Nxc3 5. Qf3 e6 6. dxc3 Nc6 7. Bf4 Bd6 8. 0-0-0 0-0 9. Ne2 e5 10. Be3 Qh4 11. Bd5 Bg4 12. Qe4 Qh5 13. Ng3 Qg6 14. f3 Bd7 15. Rd2 Rfe8 16. Qxg6 hxg6 17. Ne4 Rad8 18. Nxd6 cxd6 19. Rhd1 a6 20. Bb6 Rc8 21. Bb3 Nb8 22. Rxd6 g5 23. Rxd7 Nxd7 24. Rxd7 Rf8 25. Rxb7 Rb8 26. Bxf7+ Kh7 27. Rxb8 Rxb8 28. Be3 Rb7 29. Bd5 Rd7 30. c4 Kg6 31. Be4+ Kf6 32. c5 Kf7 33. c6 Rc7 34. Bb6 Rc8 35. c7 1-0

[Event "Foment Martinenc op-B 17th"]
[Site "Barcelona"]
[Date "2015.05.30"]
[Round "6"]
[White "Llados Clos, Jaume"]
[Black "Perez Garcia, Adria"]
[Result "0-1"]
[WhiteElo "1984"]
[BlackElo "2052"]
[PlyCount "164"]
[EventDate "2015.04.25"]
[EventType "swiss"]
[EventRounds "9"]
[EventCountry "ESP"]
[SourceTitle "EXT 2017"]
[Source "ChessBase"]
[SourceDate "2016.10.25"]
[SourceVersion "1"]
[SourceVersionDate "2016.10.25"]
[SourceQuality "1"]

1. e4 c6 2. d4 d5 3. Nc3 dxe4 4. Nxe4 Nd7 5. Nf3 Ngf6 6. Ng3 e6 7. Be2 Be7 8. 0-0 0-0 9. c4 c5 10. b3 Qc7 11. Bb2 b6 12. Qc2 Bb7 13. Rad1 Rfd8 14. dxc5 Bxc5 15. Ng5 Ne5 16. Nh5 Ng6 17. Bxf6 gxf6 18. Nxf6+ Kg7 19. Nh5+ Kg8 20. Bf3 Bxf3 21. Nxf3 e5 22. Nf6+ Kg7 23. Nd5 Qc6 24. Qc3 f6 25. Rfe1 Rac8 26. h3 Rxd5 27. Rxd5 Qxd5 28. cxd5 Bxf2+ 29. Kxf2 Rxc3 30. Re2 Rd3 31. Rd2 Rxd2+ 32. Nxd2 Nf4 33. d6 Kf7 34. Ne4 Nd5 35. g4 Ke6 36. Kf3 b5 37. a3 Nb6 38. Nc3 a6 39. Ne4 Nd7 40. Ke3 h6 41. h4 Kf7 42. h5 Ke6 43. b4 Nb6 44. Kd3 Nd7 45. Ke3 Nb6 46. Nc5+ Kxd6 47. Nxa6 Nc4+ 48. Ke4 Nxa3 49. Kf5 Nc2 50. Kxf6 e4 51. Nc5 e3 52. Nd3 e2 53. g5 Nxb4 54. Ne1 Nd5+ 55. Kg7 Ne7 56. gxh6 Nf5+ 57. Kg6 Nxh6 58. Kxh6 b4 59. Kg7 b3 60. h6 b2 61. h7 b1Q 62. h8Q Qxe1 63. Qb8+ Kd5 64. Qb7+ Kd4 65. Qb6+ Kd3 66. Qb5+ Kc2 67. Qa4+ Kd3 68. Qb5+ Ke4 69. Qc6+ Kf4 70. Qf6+ Kg4 71. Qe6+ Kg3 72. Qe5+ Kh3 73. Qe6+ Kh2 74. Qh6+ Kg1 75. Qg5+ Kf1 76. Kh6 Qf2 77. Qb5 Qh4+ 78. Kg6 Qg4+ 79. Kh6 Qf4+ 80. Kg6 Qe4+ 81. Kh6 Kf2 82. Qb2 Kf3 0-1

[Event "Foment Martinenc op-B 17th"]
[Site "Barcelona"]
[Date "2015.05.23"]
[Round "5"]
[White "Catala Ulied, Bernat"]
[Black "Llados Clos, Jaume"]
[Result "0-1"]
[WhiteElo "1965"]
[BlackElo "1984"]
[PlyCount "58"]
[EventDate "2015.04.25"]
[EventType "swiss"]
[EventRounds "9"]
[EventCountry "ESP"]
[SourceTitle "EXT 2017"]
[Source "ChessBase"]
[SourceDate "2016.10.25"]
[SourceVersion "1"]
[SourceVersionDate "2016.10.25"]
[SourceQuality "1"]

1. c4 e5 2. g3 Nf6 3. Bg2 Bc5 4. Nc3 Nc6 5. e3 d6 6. Nge2 Bf5 7. d4 Bb6 8. 0-0 0-0 9. b3 Qc8 10. Bb2 exd4 11. Nxd4 Nxd4 12. exd4 Bh3 13. Re1 Bxg2 14. Kxg2 Re8 15. Qd2 Qd7 16. Na4 Ne4 17. Qd3 Ng5 18. Nxb6 axb6 19. Re3 Qh3+ 20. Kg1 Qd7 21. Qe2 h6 22. a3 Rxe3 23. Qxe3 Re8 24. Qd3 Qg4 25. d5 Re2 26. Bc3 Nh3+ 27. Kf1 Rxf2+ 28. Ke1 Nf4 29. Qd1 Re2+ 0-1

[Event "Foment Martinenc op-B 17th"]
[Site "Barcelona"]
[Date "2015.05.16"]
[Round "4"]
[White "Llados Clos, Jaume"]
[Black "Roig Martinez, Salvador"]
[Result "1-0"]
[WhiteElo "1984"]
[BlackElo "1873"]
[PlyCount "67"]
[EventDate "2015.04.25"]
[EventType "swiss"]
[EventRounds "9"]
[EventCountry "ESP"]
[SourceTitle "EXT 2017"]
[Source "ChessBase"]
[SourceDate "2016.10.25"]
[SourceVersion "1"]
[SourceVersionDate "2016.10.25"]
[SourceQuality "1"]

1. e4 c5 2. Nc3 d6 3. f4 Nc6 4. Nf3 e6 5. Bc4 Be7 6. 0-0 a6 7. a4 Bd7 8. d3 Qc7 9. Qe1 Nd4 10. Nxd4 cxd4 11. Ne2 Qb6 12. Qf2 Bd8 13. Nxd4 Ne7 14. Be3 Qc7 15. f5 Nc6 16. fxe6 Bxe6 17. Nxe6 fxe6 18. Bxe6 Bf6 19. c3 Qe7 20. Qf5 Nd8 21. Bd5 Nc6 22. d4 Qd7 23. Be6 Qe7 24. Bf4 Kd8 25. e5 dxe5 26. dxe5 Qc5+ 27. Kh1 Nxe5 28. Rad1+ Ke7 29. Bxe5 Qxe5 30. Rd7+ Ke8 31. Bf7+ Kf8 32. Qd3 h5 33. Bg6 Rh6 34. Rd8+ 1-0

[Event "Foment Martinenc op-B 17th"]
[Site "Barcelona"]
[Date "2015.05.09"]
[Round "3"]
[White "Cespedes Llaverias, Llibert"]
[Black "Llados Clos, Jaume"]
[Result "1/2-1/2"]
[WhiteElo "1950"]
[BlackElo "1984"]
[PlyCount "111"]
[EventDate "2015.04.25"]
[EventType "swiss"]
[EventRounds "9"]
[EventCountry "ESP"]
[SourceTitle "EXT 2017"]
[Source "ChessBase"]
[SourceDate "2016.10.25"]
[SourceVersion "1"]
[SourceVersionDate "2016.10.25"]
[SourceQuality "1"]

1. e4 Nf6 2. e5 Nd5 3. d4 d6 4. Nf3 Bg4 5. Be2 e6 6. 0-0 Be7 7. exd6 cxd6 8. c4 Nb6 9. Nc3 Nc6 10. b3 0-0 11. Be3 Bf6 12. Rc1 d5 13. h3 Bh5 14. c5 Nc8 15. a3 Bxf3 16. Bxf3 N8e7 17. g4 Ng6 18. Bg2 a6 19. f4 Qc7 20. Ne2 Bh4 21. Qd2 Rad8 22. Bf2 Bxf2+ 23. Rxf2 Qe7 24. Qe3 Qh4 25. Ng3 Nxd4 26. Qxd4 Qxg3 27. Rc3 Qh4 28. c6 bxc6 29. Rxc6 Ra8 30. Qa4 Qg3 31. Rxa6 Rxa6 32. Qxa6 Qxb3 33. f5 exf5 34. Rxf5 Nh4 35. Rf2 Nxg2 36. Kxg2 h5 37. gxh5 d4 38. Qd6 Qe3 39. a4 d3 40. Qd5 Qa7 41. Qxd3 Qxa4 42. Qf3 Qa8 43. Qxa8 Rxa8 44. Kg3 Ra5 45. Kg4 f6 46. Rf5 Rxf5 47. Kxf5 Kh7 48. Kf4 Kh6 49. Kg4 f5+ 50. Kxf5 Kxh5 51. Kf4 Kh4 52. Kf5 Kh5 53. Kf4 Kh4 54. Kf5 g5 55. Kf6 Kxh3 56. Kxg5 1/2-1/2

[Event "Foment Martinenc op-B 16th"]
[Site "Barcelona"]
[Date "2014.05.03"]
[Round "2"]
[White "Barragan Hernandez, Manel"]
[Black "Llados Clos, Jaume"]
[Result "0-1"]
[WhiteElo "1916"]
[BlackElo "1973"]
[PlyCount "72"]
[EventDate "2014.04.26"]
[EventType "swiss"]
[EventRounds "9"]
[EventCountry "ESP"]
[SourceTitle "EXT 2015"]
[Source "ChessBase"]
[SourceDate "2014.11.20"]
[SourceVersion "1"]
[SourceVersionDate "2014.11.20"]
[SourceQuality "1"]

1. c4 e5 2. Nc3 Nc6 3. Nf3 Bc5 4. e3 d6 5. Be2 Nf6 6. d4 Bb4 7. Qc2 Bg4 8. 0-0 0-0 9. Rd1 Bxc3 10. bxc3 Qe7 11. Ba3 b6 12. h3 Bh5 13. Nxe5 Nxe5 14. Bxh5 Nxc4 15. Bf3 Nxa3 16. Qb3 d5 17. Bxd5 Nxd5 18. Qxd5 Qe6 19. Qf3 Rfe8 20. d5 Qe5 21. Rac1 Nc4 22. Rd4 Nd6 23. c4 Qf5 24. Rf4 Qg6 25. Rg4 Qd3 26. Rd4 Qa3 27. Rc2 Qb4 28. Kh2 Qb1 29. Qe2 Re4 30. Rb2 Qc1 31. Rc2 Qa3 32. Rxe4 Nxe4 33. Qf3 Re8 34. g3 Qd3 35. Re2 Qxc4 36. Qf4 Qxe2 0-1

[Event "Foment Martinenc op-B 16th"]
[Site "Barcelona"]
[Date "2014.04.26"]
[Round "1"]
[White "Llados Clos, Jaume"]
[Black "Brunet Gil, Pol"]
[Result "1-0"]
[WhiteElo "1973"]
[BlackElo "1853"]
[PlyCount "67"]
[EventDate "2014.04.26"]
[EventType "swiss"]
[EventRounds "9"]
[EventCountry "ESP"]
[SourceTitle "EXT 2015"]
[Source "ChessBase"]
[SourceDate "2014.11.20"]
[SourceVersion "1"]
[SourceVersionDate "2014.11.20"]
[SourceQuality "1"]

1. e4 c5 2. Nc3 Nc6 3. f4 g6 4. Nf3 Bg7 5. Bc4 e6 6. 0-0 Nge7 7. d3 d5 8. Bb3 0-0 9. Qe1 f5 10. exf5 exf5 11. Ng5 Rf6 12. Qf2 b6 13. Qf3 Rd6 14. Re1 h6 15. Nh3 Bb7 16. Qe2 Qd7 17. Kh1 Re8 18. Ng1 Kf8 19. Qf2 Re6 20. Bd2 Rd8 21. Nf3 Qd6 22. Rxe6 Qxe6 23. Re1 Qd6 24. Qh4 Re8 25. Qg3 Kf7 26. Nb5 Qb8 27. Bc3 Rd8 28. Bxg7 Kxg7 29. Ne5 Nxe5 30. Rxe5 Kf7 31. Nc3 Rd6 32. Qh4 Ng8 33. Nxd5 Qa8 34. Nxb6+ 1-0

[Event "Barcelona Sant Marti op-B 15th"]
[Site "Barcelona"]
[Date "2013.07.13"]
[Round "1"]
[White "Serra Vilaro, Agustin"]
[Black "Llados Clos, Jaume"]
[Result "1-0"]
[WhiteElo "1849"]
[BlackElo "1568"]
[PlyCount "121"]
[EventDate "2013.07.13"]
[EventType "swiss"]
[EventRounds "9"]
[EventCountry "ESP"]
[SourceTitle "CBM 155 Extra"]
[Source "ChessBase"]
[SourceDate "2013.08.26"]
[SourceVersion "1"]
[SourceVersionDate "2013.08.26"]
[SourceQuality "1"]

1. d4 d5 2. c3 Nf6 3. Nd2 Bf5 4. Qb3 Bc8 5. e3 e6 6. Bd3 Nbd7 7. f4 b6 8. Qd1 Bb7 9. Qf3 g6 10. Nh3 Bg7 11. 0-0 0-0 12. Nf2 c5 13. g4 Ne8 14. g5 f5 15. gxf6 Ndxf6 16. Qh3 Bc8 17. Qg2 Nd6 18. Kh1 Bb7 19. Nf3 Qe8 20. Rg1 Nf5 21. Bd2 Rc8 22. Qh3 Qd7 23. Rg2 Rc7 24. Rag1 Qe8 25. Ng5 a6 26. Ng4 c4 27. Nxf6+ Bxf6 28. Bb1 Bxg5 29. Rxg5 Bc8 30. Qg2 Bb7 31. Qf2 Rg7 32. Be1 Qb5 33. h4 Rff7 34. h5 gxh5 35. Bxf5 exf5 36. Qh4 Qe8 37. Qg3 Qe7 38. Qh4 Qe8 39. Bf2 Bc8 40. Qxh5 Qe6 41. Kh2 Rxg5 42. Qxg5+ Qg6 43. Qd8+ Rf8 44. Rxg6+ hxg6 45. Qxd5+ Kh7 46. Qxc4 b5 47. Qc7+ Kh8 48. Bh4 Kg8 49. Bg5 Be6 50. a3 Rf7 51. Qd8+ Kh7 52. Qe8 Bc4 53. Qe5 Kg8 54. Kg3 Be2 55. d5 Bc4 56. d6 Kh7 57. Bd8 a5 58. Bb6 a4 59. Bd4 Kh6 60. Kh4 Bb3 61. Qh8+ 1-0

[Event "Foment Martinenc op-B 15th"]
[Site "Barcelona"]
[Date "2013.05.11"]
[Round "4"]
[White "Llados Clos, Jaume"]
[Black "Alvarez, Yasmell"]
[Result "1-0"]
[WhiteElo "1570"]
[BlackElo "1557"]
[PlyCount "129"]
[EventDate "2013.04.20"]
[EventType "swiss"]
[EventRounds "9"]
[EventCountry "ESP"]
[SourceTitle "CBM 154 Extra"]
[Source "ChessBase"]
[SourceDate "2013.06.25"]
[SourceVersion "2"]
[SourceVersionDate "2013.06.25"]
[SourceQuality "1"]

1. e4 e6 2. d4 d5 3. Nd2 Nf6 4. e5 Nfd7 5. Bd3 c5 6. c3 Nc6 7. Ndf3 cxd4 8. cxd4 f6 9. exf6 Nxf6 10. Ne2 Bd6 11. 0-0 Qc7 12. Re1 0-0 13. Nc3 a6 14. h3 Bd7 15. Bg5 Bf4 16. Bxf4 Qxf4 17. Rc1 Rad8 18. Ne2 Qd6 19. Qd2 Bc8 20. Ng3 Rde8 21. Ne5 Nd7 22. Nxc6 bxc6 23. Qc2 Nf6 24. Qxc6 Qf4 25. Ne2 Qd2 26. Qc3 Qxc3 27. Rxc3 e5 28. Rec1 e4 29. Bc2 Rd8 30. Bb3 Bd7 31. Rc5 Be6 32. Rc6 Bd7 33. Rb6 Bb5 34. Nc3 Bd3 35. Bc2 Bxc2 36. Rxc2 Ra8 37. Na4 Rfb8 38. Rcc6 Nd7 39. Rxa6 Rxa6 40. Rxa6 Rc8 41. Rd6 Nf6 42. Nc3 Rb8 43. b3 Ra8 44. Kf1 Kf7 45. Nxd5 Nxd5 46. Rxd5 Rxa2 47. Rf5+ Ke6 48. Re5+ Kd6 49. Rxe4 Rb2 50. Re3 Rd2 51. Re8 Kd7 52. Rg8 Rxd4 53. Rxg7+ Ke6 54. Rxh7 Rb4 55. Rh6+ Kf7 56. g4 Rxb3 57. Kg2 Kg7 58. g5 Rb5 59. h4 Rb4 60. Kg3 Rb3+ 61. Kg4 Rb4+ 62. f4 Ra4 63. Rf6 Ra1 64. h5 Rg1+ 65. Kf5 1-0

[Event "Foment Martinenc op-B 15th"]
[Site "Barcelona"]
[Date "2013.04.27"]
[Round "2"]
[White "Llados Clos, Jaume"]
[Black "Roig Martinez, Salvador"]
[Result "1-0"]
[WhiteElo "1570"]
[BlackElo "1574"]
[PlyCount "119"]
[EventDate "2013.04.20"]
[EventType "swiss"]
[EventRounds "9"]
[EventCountry "ESP"]
[SourceTitle "CBM 154 Extra"]
[Source "ChessBase"]
[SourceDate "2013.06.25"]
[SourceVersion "2"]
[SourceVersionDate "2013.06.25"]
[SourceQuality "1"]

1. e4 e5 2. Nf3 Nc6 3. Bb5 a6 4. Bxc6 bxc6 5. 0-0 d6 6. d4 Bg4 7. dxe5 Bxf3 8. Qxf3 dxe5 9. Rd1 Qf6 10. Qc3 Be7 11. Be3 h5 12. Nd2 Nh6 13. Bg5 Qe6 14. Bxe7 Kxe7 15. Nf3 f6 16. Rd3 Rhd8 17. Rxd8 Rxd8 18. Qa3+ Kf7 19. Qxa6 Qd6 20. Qc4+ Ke8 21. Re1 g5 22. Kf1 Kf8 23. Qc3 Kg7 24. a4 c5 25. b3 Nf7 26. Qe3 Qa6+ 27. Qe2 Qxe2+ 28. Kxe2 Nd6 29. Nd2 Ra8 30. f3 Kf7 31. Kd3 Ke6 32. Nc4 Nb7 33. Rd1 Nd8 34. Ne3 Nc6 35. Nd5 Nb4+ 36. Kc3 Na6 37. Kc4 c6 38. Ne3 Rb8 39. Nf5 Rb4+ 40. Kc3 Nb8 41. Ng7+ Kf7 42. Nxh5 Kg6 43. Ng3 Rd4 44. Rxd4 cxd4+ 45. Kc4 Na6 46. Nf5 Kf7 47. b4 Ke6 48. Ng3 Kd7 49. Ne2 Kd6 50. Nc1 c5 51. b5 Nb4 52. Kb3 Kc7 53. g3 Kb6 54. h4 f5 55. h5 g4 56. fxg4 fxe4 57. h6 d3 58. cxd3 exd3 59. Nxd3 Nxd3 60. h7 1-0

[Event "Foment Martinenc op-B 15th"]
[Site "Barcelona"]
[Date "2013.04.20"]
[Round "1"]
[White "Antequera Garcia, Luis"]
[Black "Llados Clos, Jaume"]
[Result "0-1"]
[WhiteElo "1310"]
[BlackElo "1570"]
[PlyCount "78"]
[EventDate "2013.04.20"]
[EventType "swiss"]
[EventRounds "9"]
[EventCountry "ESP"]
[SourceTitle "CBM 154 Extra"]
[Source "ChessBase"]
[SourceDate "2013.06.25"]
[SourceVersion "2"]
[SourceVersionDate "2013.06.25"]
[SourceQuality "1"]

1. e4 e5 2. Nf3 Nc6 3. Bb5 a6 4. Ba4 Nf6 5. Nc3 b5 6. Bb3 Bb7 7. d4 d6 8. Ng5 Nxd4 9. Nxf7 Qe7 10. Nxh8 Nxb3 11. cxb3 0-0-0 12. Bg5 Qe6 13. Qf3 Be7 14. Nd5 Rxh8 15. 0-0 Nxd5 16. Bxe7 Nxe7 17. Rfe1 Kb8 18. Rac1 Ng6 19. Qc3 Rc8 20. Re3 Nf4 21. Qc2 Qg6 22. Rg3 Bxe4 23. Qd1 Qh6 24. Qe1 Ne2+ 25. Qxe2 Qxc1+ 26. Qf1 Qxf1+ 27. Kxf1 g6 28. f3 Bb1 29. a4 b4 30. f4 Rf8 31. Ke1 Rxf4 32. Kd2 e4 33. Re3 Rf2+ 34. Kc1 Bd3 35. Rg3 d5 36. Kd1 Rxb2 37. Rg5 c6 38. h4 e3 39. Re5 Rb1# 0-1

[Event "Barcelona Vila Gracia op 5th"]
[Site "Barcelona"]
[Date "2012.11.16"]
[Round "5.2"]
[White "Llados Clos, Jaume"]
[Black "Martinez Lopez, Carlos"]
[Result "1/2-1/2"]
[WhiteElo "1873"]
[BlackElo "1955"]
[PlyCount "143"]
[EventDate "2012.10.19"]
[EventType "swiss"]
[EventRounds "7"]
[EventCountry "ESP"]
[SourceTitle "EXT 2024"]
[Source "ChessBase"]
[SourceDate "2023.10.10"]
[SourceVersion "1"]
[SourceVersionDate "2023.10.10"]
[SourceQuality "1"]

1. e4 c5 2. Nc3 Nc6 3. f4 g6 4. Nf3 Bg7 5. Bc4 e6 6. 0-0 Nge7 7. d3 0-0 8. Qe1 Nd4 9. Nxd4 cxd4 10. Ne2 d5 11. exd5 Nxd5 12. Bxd5 Qxd5 13. b3 b6 14. Qf2 Bb7 15. Bb2 Rfd8 16. a4 Rac8 17. Rfc1 a5 18. Ra2 Rc7 19. Ba1 h5 20. h3 Ba6 21. Rd1 Bb7 22. Rc1 Kh7 23. Kh1 Ba6 24. Rd1 Bb7 25. Rc1 Qc5 26. Kg1 Qb4 27. Qe1 Qxe1+ 28. Rxe1 Rdc8 29. Nxd4 Bxd4+ 30. Bxd4 Rxc2 31. Rea1 R2c6 32. Rd2 Rd6 33. Be5 Rd7 34. Rad1 Rcd8 35. Bf6 Rc8 36. Kf2 Rc5 37. h4 Rf5 38. Be5 f6 39. Bb8 e5 40. Kg3 Rxf4 41. Kh3 Rb4 42. Rb1 Ba6 43. d4 Rdxd4 44. Rxd4 Rxd4 45. Bc7 Rb4 46. Bd8 Kg7 47. g3 f5 48. Bc7 e4 49. Be5+ Kf7 50. Bc3 Bd3 51. Rb2 Ke6 52. Bxb4 axb4 53. Kg2 Kd5 54. Kf2 Kd4 55. Ra2 Kc3 56. a5 bxa5 57. Rxa5 Kxb3 58. Ra7 Kc2 59. Rc7+ Kb2 60. Rb7 b3 61. Ke3 Kc2 62. Rc7+ Kb1 63. Kd2 Ka1 64. Ra7+ Kb2 65. Rb7 Bc2 66. Ra7 Kb1 67. Rb7 b2 68. Kc3 Kc1 69. Rxb2 Bd3 70. Rb6 Kd1 71. Rxg6 Be2 72. Rd6+ 1/2-1/2